000 00583nam a2200229Ia 4500
003 0100
008 130307s9999 xx 000 0 und d
020 _a0826403069
040 _cARRUPELIB
050 _aB2745.P45 1987
245 _aPhilosophy of German idealism
260 _aNew York
260 _bContinuum
260 _c1987
300 _axxii
300 _b284 p. 21 cm.
440 _aThe German library ; v. 23
650 _aPHILOSOPHY
650 _bScience-Philosophy-Addresses, essays, lectures-Time perspective
700 _aBehler, Ernst (ed.)
942 0 0 _01
999 _c94132
_d94132